000 00276nam a2200097Ia 4500
001 801077
005 20250826171031.0
008 250824s9999 xx 000 0 und d
245 0 _aSÜPER SELİM AYASOFYADA ESRARENGİZ KAYIP
_cSÜLEYMAN EZBER
260 _bUĞUR BÖCEĞİ YAYINLARI
999 _c801077
_d801077